<?xml version="1.0" encoding="UTF-8"?>
<record
    xmlns:xsi="http://www.w3.org/2001/XMLSchema-instance"
    xsi:schemaLocation="http://www.loc.gov/MARC21/slim http://www.loc.gov/standards/marcxml/schema/MARC21slim.xsd"
    xmlns="http://www.loc.gov/MARC21/slim">

  <leader>01434    a2200253   4500</leader>
  <controlfield tag="005">20080908142923.0</controlfield>
  <controlfield tag="008">080908t        xxu||||| |||| 00| 0 hin d</controlfield>
  <datafield tag="010" ind1=" " ind2=" ">
    <subfield code="a">HIN-80142</subfield>
  </datafield>
  <datafield tag="020" ind1=" " ind2=" ">
    <subfield code="a">8177142410</subfield>
    <subfield code="c">350.00</subfield>
  </datafield>
  <datafield tag="035" ind1=" " ind2=" ">
    <subfield code="a">HN-52488</subfield>
  </datafield>
  <datafield tag="037" ind1=" " ind2=" ">
    <subfield code="b">D.B.Act / pub</subfield>
  </datafield>
  <datafield tag="082" ind1=" " ind2=" ">
    <subfield code="a">320.954</subfield>
  </datafield>
  <datafield tag="245" ind1=" " ind2=" ">
    <subfield code="a">&#x928;&#x92F;&#x940; &#x930;&#x93E;&#x91C;&#x928;&#x940;&#x924;&#x93F;&#x903;&#x915;&#x94D;&#x92F;&#x93E; &#x926;&#x942;&#x938;&#x930;&#x940; &#x926;&#x941;&#x928;&#x93F;&#x92F;&#x93E; &#x92E;&#x941;&#x92E;&#x915;&#x93F;&#x928; &#x939;&#x948;</subfield>
    <subfield code="c">&#x938;&#x902;&#x92A;&#x93E;&#x926;&#x915; &#x91C;&#x92F; &#x938;&#x947;&#x928;,&#x92E;&#x92F;&#x942;&#x930;&#x940; &#x938;&#x948;&#x928;&#x940; &#x924;&#x925;&#x93E; &#x92E;&#x927;&#x941;&#x930;&#x947;&#x936; &#x915;&#x941;&#x92E;&#x93E;&#x930;&#x903;&#x905;&#x928;&#x941;&#x935;&#x93E;&#x926;&#x915; &#x938;&#x941;&#x92D;&#x93E;&#x937; &#x917;&#x924;&#x93E;&#x921;&#x93C;&#x947;</subfield>
  </datafield>
  <datafield tag="246" ind1=" " ind2=" ">
    <subfield code="a">Nayi Rajniti</subfield>
    <subfield code="b">Edited by Jai Sen , Mayuri Saini and Madhuresh Kumar : translator Subhash Gatade</subfield>
  </datafield>
  <datafield tag="260" ind1=" " ind2=" ">
    <subfield code="a">&#x928;&#x908; &#x926;&#x93F;&#x932;&#x94D;&#x932;&#x940;</subfield>
    <subfield code="b">&#x92A;&#x94D;&#x930;&#x915;&#x93E;&#x936;&#x928; &#x938;&#x902;&#x938;&#x94D;&#x925;&#x93E;&#x928;</subfield>
    <subfield code="c">2006</subfield>
  </datafield>
  <datafield tag="270" ind1=" " ind2=" ">
    <subfield code="a">21-&#x90F;, &#x926;&#x930;&#x93F;&#x92F;&#x93E;&#x917;&#x902;&#x91C;</subfield>
    <subfield code="b">&#x928;&#x908; &#x926;&#x93F;&#x932;&#x94D;&#x932;&#x940;</subfield>
    <subfield code="e">110002</subfield>
  </datafield>
  <datafield tag="300" ind1=" " ind2=" ">
    <subfield code="a">288&#x92A;&#x943;</subfield>
    <subfield code="c">23&#x938;&#x947;&#x92E;&#x940; (&#x938;&#x91C;&#x93F;&#x932;&#x94D;&#x926;)</subfield>
  </datafield>
  <datafield tag="490" ind1=" " ind2=" ">
    <subfield code="a">(&#x938;&#x93E;&#x92E;&#x94D;&#x930;&#x93E;&#x91C;&#x94D;&#x92F;&#x94B;&#x902; &#x938;&#x947; &#x938;&#x902;&#x918;&#x930;&#x94D;&#x937;-1)</subfield>
  </datafield>
  <datafield tag="700" ind1=" " ind2=" ">
    <subfield code="a">&#x938;&#x948;&#x928;&#x940;, &#x92E;&#x92F;&#x942;&#x930;&#x940;</subfield>
  </datafield>
  <datafield tag="700" ind1=" " ind2=" ">
    <subfield code="a">&#x92E;&#x927;&#x941;&#x930;&#x947;&#x936; &#x915;&#x941;&#x92E;&#x93E;&#x930;</subfield>
  </datafield>
  <datafield tag="700" ind1=" " ind2=" ">
    <subfield code="a">&#x917;&#x924;&#x93E;&#x921;&#x93C;&#x947;, &#x938;&#x941;&#x92D;&#x93E;&#x937;</subfield>
  </datafield>
  <datafield tag="942" ind1=" " ind2=" ">
    <subfield code="a">dpl</subfield>
    <subfield code="c">HN</subfield>
    <subfield code="k">320.954 / &#x928;&#x92F;&#x940;&#x930;&#x93E;</subfield>
    <subfield code="2">ddc</subfield>
    <subfield code="h">320.954</subfield>
    <subfield code="m">&#x928;&#x92F;&#x940;&#x930;&#x93E;</subfield>
  </datafield>
  <datafield tag="999" ind1=" " ind2=" ">
    <subfield code="c">5071</subfield>
    <subfield code="d">5071</subfield>
  </datafield>
  <datafield tag="952" ind1=" " ind2=" ">
    <subfield code="0">0</subfield>
    <subfield code="1">0</subfield>
    <subfield code="4">0</subfield>
    <subfield code="7">0</subfield>
    <subfield code="a">DBAD</subfield>
    <subfield code="b">DBAD</subfield>
    <subfield code="d">2008-09-08</subfield>
    <subfield code="g">350.00</subfield>
    <subfield code="l">0</subfield>
    <subfield code="o">320.954 &#x928;&#x92F;&#x940;&#x930;&#x93E;</subfield>
    <subfield code="p">HN-52488</subfield>
    <subfield code="r">2008-09-15 00:00:00</subfield>
    <subfield code="t">1</subfield>
    <subfield code="u">5381</subfield>
    <subfield code="v">350.00</subfield>
    <subfield code="w">2008-09-15</subfield>
    <subfield code="y">HN</subfield>
  </datafield>
</record>
